000 00618nam a2200229Ia 4500
003 OSt
005 20220926042850.0
006 a|||||r|||| 00| 0
007 ta
008 220923b |||||||| |||| 00| 0 eng d
037 _cGeneral Book
040 _aRTL
_cRTL
_beng
041 _2eng
_aeng
082 _aSigma k, K4
100 _aGould Julius Ed.
245 0 _aDictionary of the social sciences
260 _c1964
650 _aSocial Sciences
700 _a Kolb William L Ed.
_9346850
942 _hSigma k, K4
_cGB
_2CC
999 _c670747
_d670747